书目信息 |
| 题名: |
激光改性再制造技术
|
|
| 作者: | 崔爱永, , 胡芳友, 著 | |
| 分册: | ||
| 出版信息: | 北京 化学工业出版社 2017.12 |
|
| 页数: | 202页 | |
| 开本: | 24cm | |
| 丛书名: | ||
| 单 册: | ||
| 中图分类: | TG174.445 | |
| 科图分类: | ||
| 主题词: | 激光熔覆--ji guang rong fu--研究 | |
| 电子资源: | ||
| ISBN: | 978-7-122-30788-0 | |
| 000 | 01238nam0 2200277 45 | |
| 001 | 012001000500 | |
| 005 | 20131106104612.0 | |
| 010 | @a978-7-122-30788-0@dCNY69.00 | |
| 099 | @aCAL 012018036868 | |
| 100 | @a20180117d2018 em y0chiy50 ea | |
| 101 | 0 | @achi |
| 102 | @aCN@b110000 | |
| 105 | @aak a 000yy | |
| 106 | @ar | |
| 200 | 1 | @a激光改性再制造技术@Aji guang gai xing zai zhi zao ji shu@f崔爱永, 胡芳友等著 |
| 210 | @a北京@c化学工业出版社@d2017.12 | |
| 215 | @a202页@c图@d24cm | |
| 314 | @a崔爱永 (1981-) , 博士。致力于先进制造与维修技术研究。胡芳友 (1960-) , 教授, 博士生导师。航空维修领域专家。 | |
| 320 | @a有书目 | |
| 330 | @a本书以作者团队长期的科研成果为基础, 系统阐述了同轴送粉喷嘴的气体流场和粉末流场, 喷嘴气流速率、喷嘴距工件表面距离、工件位置、侧风速度 (喷嘴移动速度) 对喷嘴气体保护效果的影响, 喷嘴结构 (粉末通道锥角、粉末通道出口宽度) 参数和送粉参数 (送粉量、气流速度) 对粉末浓度分布的影响 ; 阐述了激光熔覆定向凝固理论与工艺 ; 阐述了激光梯度改性去应力技术。 | |
| 606 | 0 | @a激光熔覆@Aji guang rong fu@x研究 |
| 690 | @aTG174.445@v5 | |
| 701 | 0 | @a崔爱永,@Acui ai yong@f1981-@4著 |
| 701 | 0 | @a胡芳友,@Ahu fang you@f1960-@4著 |
| 801 | 0 | @aCN@b北京卓展文化@c20191020 |
| 905 | @b1196254-7@dTG174.445@e84@f4 | |
| 激光改性再制造技术/崔爱永, 胡芳友等著.-北京:化学工业出版社,2017.12 |
| 202页:图;24cm |
| ISBN 978-7-122-30788-0:CNY69.00 |
| 本书以作者团队长期的科研成果为基础, 系统阐述了同轴送粉喷嘴的气体流场和粉末流场, 喷嘴气流速率、喷嘴距工件表面距离、工件位置、侧风速度 (喷嘴移动速度) 对喷嘴气体保护效果的影响, 喷嘴结构 (粉末通道锥角、粉末通道出口宽度) 参数和送粉参数 (送粉量、气流速度) 对粉末浓度分布的影响 ; 阐述了激光熔覆定向凝固理论与工艺 ; 阐述了激光梯度改性去应力技术。 |
| ● |
| 相关链接 |
|
|
|
|
正题名:激光改性再制造技术
索取号:TG174.445/84
 
预约/预借
| 序号 | 登录号 | 条形码 | 馆藏地/架位号 | 状态 | 备注 |
| 1 | 1196254 | 211962544 | 第二样本阅览室/ [索取号:TG174.445/84] | 在馆 | |
| 2 | 1196255 | 211962553 | 第三借阅区/ [索取号:TG174.445/84] | 在馆 | |
| 3 | 1196256 | 211962562 | 第三借阅区/ [索取号:TG174.445/84] | 在馆 | |
| 4 | 1196257 | 211962571 | 第三借阅区/ [索取号:TG174.445/84] | 在馆 |